000 00684nam a2200229Ia 4500
003 OSt
005 20220923224429.0
006 a|||||r|||| 00| 0
007 ta
008 Pun
024 _a232,665
037 _cTextual
040 _aARTS
_cARTS
_bPun
041 _2Pun
_aPun
082 _aO153,1N38:g, P5
100 _aਸਰਬਜੀਤ ਸਿੰਘ, ਥਦ.
245 0 _aਮੋਹਨਜੀਤ ਸੁਹਜ ਤੇ ਸੰਵੇਦਨਾ
260 _aਚੰਡੀਗੜ
_b ਲੋਕਗੀਤ ਪ੍ਰਕਾFਨ
_c2005
300 _a151ਪੰ
_ccm.
942 _hO153,1N38:g, P5
_cTEXL
_2CC
999 _c371385
_d371385